<?xml version="1.0" encoding="UTF-8"?>
<record
    xmlns:xsi="http://www.w3.org/2001/XMLSchema-instance"
    xsi:schemaLocation="http://www.loc.gov/MARC21/slim http://www.loc.gov/standards/marcxml/schema/MARC21slim.xsd"
    xmlns="http://www.loc.gov/MARC21/slim">

  <leader>00787nam a22001577a 4500</leader>
  <controlfield tag="003">OSt</controlfield>
  <controlfield tag="005">20150916120134.0</controlfield>
  <controlfield tag="008">150916b        xxu||||| |||| 00| 0 eng d</controlfield>
  <datafield tag="040" ind1=" " ind2=" ">
    <subfield code="c">RUA</subfield>
  </datafield>
  <datafield tag="082" ind1=" " ind2=" ">
    <subfield code="a">AGR SIM 2003 B029 Or.1</subfield>
  </datafield>
  <datafield tag="100" ind1=" " ind2=" ">
    <subfield code="9">595</subfield>
    <subfield code="a">SIM VIRAK</subfield>
  </datafield>
  <datafield tag="245" ind1=" " ind2=" ">
    <subfield code="a">The impact of rural credit on living standard of people in chbarmon and samraong tong districts in kompong speu province prasac II credt association,(&#x17A5;&#x1791;&#x17D2;&#x1792;&#x17B7;&#x1796;&#x179B;&#x17A5;&#x178E;&#x1791;&#x17B6;&#x1793;&#x1787;&#x1793;&#x1794;&#x1791;&#x1791;&#x17C5;&#x179B;&#x17BE;&#x1787;&#x17B8;&#x179C;&#x1797;&#x17B6;&#x1796;&#x1794;&#x17D2;&#x179A;&#x1787;&#x17B6;&#x1787;&#x1793;&#x1793;&#x17C5;&#x1780;&#x17D2;&#x1793;&#x17BB;&#x1784;&#x179F;&#x17D2;&#x179A;&#x17BB;&#x1780;&#x1785;&#x17D2;&#x1794;&#x17B6;&#x179A;&#x1798;&#x1793; &#x1793;&#x17B7;&#x1784;&#x179F;&#x17D2;&#x179A;&#x17BB;&#x1780;&#x179F;&#x17C6;&#x179A;&#x17C4;&#x1784; &#x1781;&#x17C1;&#x178F;&#x17D2;&#x178F;&#x1780;&#x17C6;&#x1796;&#x1784;&#x17CB;&#x179F;&#x17D2;&#x1796;&#x17BA;&#x179A;&#x1794;&#x179F;&#x17CB;&#x179F;&#x1798;&#x17B6;&#x1782;&#x1798;&#x17A5;&#x178E;&#x1791;&#x17B6;&#x1793;II)</subfield>
  </datafield>
  <datafield tag="260" ind1=" " ind2=" ">
    <subfield code="a">phnom penh</subfield>
    <subfield code="b">RUA</subfield>
    <subfield code="c">2003</subfield>
  </datafield>
  <datafield tag="300" ind1=" " ind2=" ">
    <subfield code="a">43p.</subfield>
    <subfield code="c">ill.</subfield>
    <subfield code="g">29cm.</subfield>
  </datafield>
  <datafield tag="942" ind1=" " ind2=" ">
    <subfield code="2">ddc</subfield>
    <subfield code="c">AGR</subfield>
  </datafield>
  <datafield tag="999" ind1=" " ind2=" ">
    <subfield code="c">573</subfield>
    <subfield code="d">573</subfield>
  </datafield>
  <datafield tag="952" ind1=" " ind2=" ">
    <subfield code="0">0</subfield>
    <subfield code="1">0</subfield>
    <subfield code="2">ddc</subfield>
    <subfield code="4">0</subfield>
    <subfield code="6">AGR_SIM_2003_000000000000000_B029_OR_1</subfield>
    <subfield code="7">0</subfield>
    <subfield code="9">2650</subfield>
    <subfield code="a">LBB</subfield>
    <subfield code="b">LBB</subfield>
    <subfield code="d">2015-09-16</subfield>
    <subfield code="o">AGR SIM 2003 B029 Or.1</subfield>
    <subfield code="p">RUA001486</subfield>
    <subfield code="r">2015-09-16</subfield>
    <subfield code="w">2015-09-16</subfield>
    <subfield code="y">AGR</subfield>
  </datafield>
  <datafield tag="952" ind1=" " ind2=" ">
    <subfield code="0">0</subfield>
    <subfield code="1">0</subfield>
    <subfield code="2">ddc</subfield>
    <subfield code="4">0</subfield>
    <subfield code="6">AGR_SIM_2003_000000000000000_B029_OR_2</subfield>
    <subfield code="7">0</subfield>
    <subfield code="9">2651</subfield>
    <subfield code="a">LBB</subfield>
    <subfield code="b">LBB</subfield>
    <subfield code="d">2015-09-16</subfield>
    <subfield code="l">1</subfield>
    <subfield code="o">AGR SIM 2003 B029 Or.2</subfield>
    <subfield code="p">RUA001558</subfield>
    <subfield code="r">2021-12-13</subfield>
    <subfield code="s">2021-12-01</subfield>
    <subfield code="w">2015-09-16</subfield>
    <subfield code="y">AGR</subfield>
  </datafield>
  <datafield tag="952" ind1=" " ind2=" ">
    <subfield code="0">0</subfield>
    <subfield code="1">0</subfield>
    <subfield code="2">ddc</subfield>
    <subfield code="4">0</subfield>
    <subfield code="6">AGR_SIM_2003_000000000000000_B029_OR_3</subfield>
    <subfield code="7">0</subfield>
    <subfield code="9">45861</subfield>
    <subfield code="a">LBB</subfield>
    <subfield code="b">LBB</subfield>
    <subfield code="d">2016-06-15</subfield>
    <subfield code="o">AGR SIM 2003 B029 Or.3</subfield>
    <subfield code="p">RUA057083</subfield>
    <subfield code="r">2016-06-15</subfield>
    <subfield code="w">2016-06-15</subfield>
    <subfield code="y">AGR</subfield>
  </datafield>
</record>
